| 000 | 00698nam a2200253 a 4500 | ||
|---|---|---|---|
| 999 |
_c6193 _d6193 |
||
| 003 | PK-NaQUE | ||
| 005 | 20250424095518.0 | ||
| 008 | 250424b ||||| |||| 00| 0 eng d | ||
| 020 | _a0136142974 (Paperback) | ||
| 020 | _a9780136142973 (Paperback) | ||
| 040 | _cQUEST | ||
| 082 | _a658.15SUL | ||
| 100 | 1 | _aSullivan, William G. | |
| 245 | 1 | 0 | _aEngineering Economy |
| 250 | _a14th ed. | ||
| 260 |
_aNew Delhi _bPearson Education _c2011 |
||
| 300 | _aXVII,668 p. ; | ||
| 650 | _aEconomics | ||
| 650 | _aEngineering economy / | ||
| 700 | 1 | _aWicks, Elin M. | |
| 700 | 1 | _aKoelling, C. Patrick. | |
| 856 | 4 | 0 |
_uhttp://10.10.170.122:8080/browse/book/5046 _yDownload eBook |
| 942 |
_cBK _2ddc |
||